| 000 | 01426nam a2200325 i 4500 | ||
|---|---|---|---|
| 003 | EG-GICUC | ||
| 005 | 20260121101651.0 | ||
| 008 | 260105s2005 ua ||||fr|||| 00| 0 ara d | ||
| 017 | _a2003/15730 | ||
| 040 |
_a EG-GICUC _bara _c EG-GICUC _d EG-GICUC _erda |
||
| 041 | 0 | _aara | |
| 082 | 0 | 4 |
_221 _a345.7 _bع ب . أ |
| 092 | 0 | 4 | _221 |
| 099 | _aLaw1 07 345.7 ع ب . أ 2005 | ||
| 100 | 0 |
_aعبد العزيز عبد المنعم خليفة _eمؤلف. |
|
| 245 | 1 | 2 |
_aالأسس العامة للعقود الإدارية : _bالإبرام - التنفيذ - المنازعات في ضوء أحدث أحكام مجلس الدولة ووفقاً لأحكام قانون المناقصات والمزايدات / _cدكتور عبد العزيز عبد المنعم خليفة . |
| 264 | 3 |
_aشبين الكوم : _bمطابع الولاء الحديثة ، _c2005. |
|
| 300 |
_a380 ؛ صفحة _c24 سم. |
||
| 336 |
_2rda content _atext |
||
| 337 |
_2rda media _aComputer |
||
| 338 |
_2rda carrier _aOnline Resource |
||
| 504 | _aيشتمل على إرجاعات ببليوجرافية | ||
| 504 | _aببليوجرافيا: صفحات 380-372 | ||
| 546 | _aالنص باللغة العربية | ||
| 650 | 1 | 4 |
_aالعقود الإدارية _xالقانون الاداري _2qrmak |
| 651 | 1 | _2qrmak | |
| 856 | 4 | 0 | _uhttps://fll.law.cu.edu.eg/fulltext/bks/B07-02572.pdf |
| 905 | _a61 | ||
| 942 |
_2ddc _n0 _cBK _e21 |
||
| 999 |
_c54739 _d54739 |
||